FIFA - Copa de Oro Concacaf - Estadísticas

Estadísticas generales
  • Esta prueba ha sido intentada 165 veces
    55 desde el último reinicio
  • La puntuación promedio es 27 de 28
Estadísticas de respuestas
Año País % Correcto
1985 Canadá
100%
2000 Canadá
100%
1991 Estados Unidos
100%
2002 Estados Unidos
100%
2005 Estados Unidos
100%
2007 Estados Unidos
100%
2013 Estados Unidos
100%
2017 Estados Unidos
100%
2021 Estados Unidos
100%
1965 México
100%
1971 México
100%
1977 México
100%
1993 México
100%
1996 México
100%
1998 México
100%
2003 México
100%
2009 México
100%
2011 México
100%
2015 México
100%
2019 México
100%
2023 México
100%
2025 México
100%
1981 Honduras
90%
1963 Costa Rica
88%
1969 Costa Rica
88%
1989 Costa Rica
88%
1967 Guatemala
86%
1973 Haití
86%
No se encontraron pruebas coincidentes
Distribución de puntuación
Porcentaje de gente con cada puntuación
Porcentaje por número respondido
Historial de tus puntuaciones
No has intentado esta prueba desde el último reinicio